Výročné správy škôl z územia Slovenska za roky 1919-1965 provizórny súpis
Enregistré dans:
| Auteur principal: | |
|---|---|
| Autres auteurs: | |
| Format: | Livre |
| Langue: | slovaque |
| Publié: |
Bratislava
Univerzitná knižnica
1986
|
| Tags: |
Pas de tags, Soyez le premier à ajouter un tag!
|
MARC
| LEADER | 00000nam a2200000 4500 | ||
|---|---|---|---|
| 001 | c023187 | ||
| 005 | 20250826085554.8 | ||
| 041 | 0 | |a slo | |
| 044 | |a SK | ||
| 245 | 1 | 0 | |a Výročné správy škôl z územia Slovenska za roky 1919-1965 |b provizórny súpis |c Želmíra Gešková, Tatiana Vančová |
| 264 | 1 | |a Bratislava |b Univerzitná knižnica |c 1986 | |
| 300 | |a 342 s. | ||
| 100 | 1 | |a Gešková, Želmíra | |
| 700 | 1 | |a Vančová, Tatiana | |